000 01133 a2200229 4500
003 Nust
005 20220801130923.0
010 _a 92139191
020 _a013221797X (library edn.)
020 _a0132218054 (student edn.)
040 _cNust
082 _a519.703,SMI
100 1 _aSmith, David K.
_967024
245 1 0 _aDynamic Programming :
_ba Practical Introduction /
_cDavid K. Smith.
260 _aNew York :
_bE. Horwood,
_c1991.
300 _a160 p. :
_bill. ;
_c25 cm.
490 1 _aMathematics and its applications. Statistics, operational research, and computational mathematics section
505 _aWhat is Dynamic Programming? (Page-11), Simple Recursive Problems (Page-19), Knapsack Problems (Page-37), Deterministic Production and Inventory Models (Page-55), Optimisation of Functions (Page-730, Randomness in Dynamic Programming (Page-89), Further Stochastic Models (Page-109), Some Further Stochastic Models (Page-124), Dynamic Programming for Fun (Page-140),
650 0 _aDynamic programming.
_91926
830 0 _aMathematics and its applications (Chichester, England : 1988).
_996054
942 _cREF
_2ddc
999 _c188679
_d188679